Oru theruvinte katha/ (Record no. 32586)

000 -LEADER
fixed length control field 00381nam a22001571a 4500
020 ## - INTERNATIONAL STANDARD BOOK NUMBER
ISBN 9788171305792
082 ## - DEWEY DECIMAL CLASSIFICATION NUMBER
Classification number M3
Item number SKP/O
100 ## - MAIN ENTRY--AUTHOR NAME
Personal name S K Pottekat
245 ## - TITLE STATEMENT
Title Oru theruvinte katha/
Statement of responsibility, etc by S K Pottekat
260 ## - PUBLICATION, DISTRIBUTION, ETC. (IMPRINT)
Place of publication Kottayam:
Name of publisher D C Books,
Year of publication 1997.
300 ## - PHYSICAL DESCRIPTION
Number of Pages 290p.
650 ## - SUBJECT ADDED ENTRY--TOPICAL TERM
Topical Term Novel Malayalam
650 ## - SUBJECT ADDED ENTRY--TOPICAL TERM
Topical Term Literature Malayalam
650 ## - SUBJECT ADDED ENTRY--TOPICAL TERM
Topical Term Literature
942 ## - ADDED ENTRY ELEMENTS (KOHA)
Koha item type Book
Holdings
Withdrawn status Lost status Damaged status Not for loan Permanent Location Current Location Date acquired Cost, normal purchase price Full call number Accession Number Cost, replacement price Price effective from Koha item type Shelving location
        Sree Sankaracharya University of Sanskrit Sree Sankaracharya University of Sanskrit 08.01.2015 100.00 M3 SKP/O 039825 0.00 08.01.2015 Book  
        Sree Sankaracharya University of Sanskrit Sree Sankaracharya University of Sanskrit 08.01.2015 110.00 M3 SKP/O 049829 0.00 08.01.2015 Book  
        Sree Sankaracharya University of Sanskrit Sree Sankaracharya University of Sanskrit 08.01.2015 110.00 M3 SKP/O 049830 0.00 08.01.2015 Book  
Write off   Damaged 1 Sree Sankaracharya University of Sanskrit Sree Sankaracharya University of Sanskrit 08.01.2015 85.00 M3 POT ORU SKP/O 002491 0.00 08.01.2015 Book  
Write off     1 Sree Sankaracharya University of Sanskrit Sree Sankaracharya University of Sanskrit 08.01.2015 100.00 M3 POT ORU SKP/O 043739 0.00 08.01.2015 Book  
        Sree Sankaracharya University of Sanskrit Sree Sankaracharya University of Sanskrit 08.01.2015 100.00 M3 SKP/O 031057 0.00 08.01.2015 Book Stacks
        Sree Sankaracharya University of Sanskrit Sree Sankaracharya University of Sanskrit 07.02.2020 90.00 M3 SKP/O 098481   07.02.2020 Book Stacks
        Sree Sankaracharya University of Sanskrit Sree Sankaracharya University of Sanskrit 25.02.2020 90.00 M3 SKP/O 099219   25.02.2020 Book Stacks